000 00384nam a2200145Ia 4500
008 240624s9999 xx 000 0 und d
041 _aeng
082 _a658.15 SHA
100 _aSHARAN VYUPTAKESH
245 _aINTERNATIONAL FINANCIAL MANAGEMENT
250 _a(4th ed.)
260 _c2006
_aNew Delhi
_bPrentice-Hall of India
300 _axviii, : 538 : p. : cm. ; 24
365 _cRS
999 _c4138
_d4138